00339nam a2200109Ia 4500008004100000040001700041041001200058082001600070100001700086245011300103300001300216230917s9999||||xx |||||||||||||| ||und|| e107143aMAIN aEnglish a576.5 P193P aPunkaj Kumar 0aPolulation genetics of Allozyme variation and metric traits in wild and laboratory populations of Drosophila axviii p.